Normal view
MARC view
- García Rodríguez, José
Entry Nombre Personal
001 - NUMERO DE CONTROL
- campo de control: 52987
003 - IDENTIFICADOR DE NUMERO DE CONTROL
- campo de control: MX-MxUPN
005 - FECHA Y HORA DE LA ÜLTIMA TRANSACCIÓN
- campo de control: 20240809154854.0
008 - DATOS DE LONGITUD FIJA
- campo de control de longitud fija: 240809|| aca||aabn | aaa d
040 ## - FUENTE DE CATALOGACIÓN
- Agencia original de catalogación: MX-MxUPN
- Lenguaje de catalogación: spa
- Agencia de transcripción: MX-MxUPN
100 1# - ENCABEZAMIENTO - NOMBRE PERSONAL
- Nombre personal: García Rodríguez, José
670 ## - FUENTE EN LA QUE SE LOCALIZARON DATOS
- Cita de la fuente: Entre historias y consejas : anécdotas de la vida en Saltillo, 1949:
- Información localizada: portada (José García Rodríguez)
902 ## - CATALOGADOR
- Catalogador: Víctor Ruiz/090824
